000
00414 a2200169 4500
260
_b
J.J.Agustin Publisher
300
_a
Non Pag.
100
_a
HERSKOVITS,M.J.
260
_a
New-York
650
_a
SOCIOLOGIE
650
_a
BENIN
440
_a
Dahomey: an ancient west african Kingdom Part VII: art
260
_c
1938
130
_l
en
999
_c
23738
_d
23738